Central Library OPAC University of Rajshahi
Normal view MARC view

Entry Personal Name

Number of records used in: 3

001 - CONTROL NUMBER

  • control field: 5560

003 - CONTROL NUMBER IDENTIFIER

  • control field: BD-RjUL

005 - DATE AND TIME OF LATEST TRANSACTION

  • control field: 20221030123424.0

008 - FIXED-LENGTH DATA ELEMENTS

  • fixed length control field: 221030|| aca||aabn | a|a d

040 ## - CATALOGING SOURCE

  • Original cataloging agency: BD-RjUL
  • Transcribing agency: BD-RjUL

100 ## - HEADING--PERSONAL NAME

  • Personal name: Delmoy, Miramin # # دلموي، ميرامن

670 ## - SOURCE DATA FOUND

  • Source citation: Work cat.: (BD-RjUL)80653: Delmoy, Miramin # # دلموي، ميرامن, باغ وبهار # # Bagh and Bahar /